Toán cao cấp Ph.1
Na minha lista:
| Autor principal: | |
|---|---|
| Formato: | Livro |
| Idioma: | Undetermined |
| Publicado em: |
TP.HCM.
Đại học kinh tế TP.HCM
2009
|
| Assuntos: | |
| Acesso em linha: | http://lrc.tdmu.edu.vn/opac/search/detail.asp?aID=2&ID=3447 |
| Tags: |
Adicionar Tag
Sem tags, seja o primeiro a adicionar uma tag!
|
| Thư viện lưu trữ: | Trung tâm Học liệu Trường Đại học Thủ Dầu Một |
|---|
| LEADER | 00740nam a2200217Ia 4500 | ||
|---|---|---|---|
| 001 | TDMU_3447 | ||
| 008 | 210410s9999 xx 000 0 und d | ||
| 082 | |a 512.5 | ||
| 090 | |b TR561 | ||
| 100 | |a Trương, Lâm Đông | ||
| 245 | 0 | |a Toán cao cấp | |
| 245 | 0 | |c Trương Lâm Đông | |
| 245 | 0 | |n Ph.1 | |
| 245 | 0 | |p Đại số tuyến tính (cho sinh viên các Trường Đại học khối Ngành kinh tế) | |
| 260 | |a TP.HCM. | ||
| 260 | |b Đại học kinh tế TP.HCM | ||
| 260 | |c 2009 | ||
| 300 | |a 169tr. | ||
| 650 | |a Đại số tuyến tính | ||
| 856 | |u http://lrc.tdmu.edu.vn/opac/search/detail.asp?aID=2&ID=3447 | ||
| 980 | |a Trung tâm Học liệu Trường Đại học Thủ Dầu Một | ||